Catálogo público

Virus diseases of small fruits and grapevines : (Record no. 199280)

MARC details
000 -CABECERA
campo de control de longitud fija 01003nam a2200325Ia 4500
001 - NÚMERO DE CONTROL
campo de control Para_525
003 - IDENTIFICADOR DEL NÚMERO DE CONTROL
campo de control CHAP
008 - DATOS DE LONGITUD FIJA--INFORMACIÓN GENERAL
campo de control de longitud fija 220125s1970 xx 000 0 und d
010 ## - NÚMERO DE CONTROL DE LA BIBLIOTECA DEL CONGRESO
Número de control de LC 199280
040 ## - FUENTE DE LA CATALOGACIÓN
Centro/agencia transcriptor CHAP
082 ## - NÚMERO DE LA CLASIFICACIÓN DECIMAL DEWEY
Número de clasificación PA 634.7 F7 1970
100 ## - ENTRADA PRINCIPAL--NOMBRE DE PERSONA
Nombre de persona Frazier, N.W., ed.
9 (RLIN) 164573
245 ## - MENCIÓN DE TÍTULO
Título Virus diseases of small fruits and grapevines :
Resto del título a handbook /
Mención de responsabilidad, etc. ed. by N.W. Frazier [et. al.]
260 ## - PUBLICACIÓN, DISTRIBUCIÓN, ETC.
Lugar de publicación, distribución, etc. California, USA :
Nombre del editor, distribuidor, etc. University of California
300 ## - DESCRIPCIÓN FÍSICA
Extensión 290 p.
650 ## - PUNTO DE ACCESO ADICIONAL DE MATERIA--TÉRMINO DE MATERIA
Término de materia o nombre geográfico como elemento de entrada Arándano
9 (RLIN) 7291
650 ## - PUNTO DE ACCESO ADICIONAL DE MATERIA--TÉRMINO DE MATERIA
Término de materia o nombre geográfico como elemento de entrada Arboles frutales
Subdivisión general enfermedades por virus
9 (RLIN) 6675
650 ## - PUNTO DE ACCESO ADICIONAL DE MATERIA--TÉRMINO DE MATERIA
Término de materia o nombre geográfico como elemento de entrada Frambuesa
Subdivisión general enfermedades
9 (RLIN) 42873
650 ## - PUNTO DE ACCESO ADICIONAL DE MATERIA--TÉRMINO DE MATERIA
Término de materia o nombre geográfico como elemento de entrada Fresa
Subdivisión general enfermedades
9 (RLIN) 43202
650 ## - PUNTO DE ACCESO ADICIONAL DE MATERIA--TÉRMINO DE MATERIA
Término de materia o nombre geográfico como elemento de entrada Mora
Subdivisión general enfermedades
9 (RLIN) 78114
650 ## - PUNTO DE ACCESO ADICIONAL DE MATERIA--TÉRMINO DE MATERIA
Término de materia o nombre geográfico como elemento de entrada Ribes rubrum
9 (RLIN) 97201
650 ## - PUNTO DE ACCESO ADICIONAL DE MATERIA--TÉRMINO DE MATERIA
Término de materia o nombre geográfico como elemento de entrada Vid
Subdivisión general enfermedades por virus
9 (RLIN) 119110
901 ## - ELEMENTOS DE DATOS A LOCAL LDA (RLIN)
a PA 634.7 F7 1970
902 ## - ELEMENTOS DE DATOS B LOCAL, LDB (RLIN)
a A
905 ## - ELEMENTOS DE DATOS E LOCAL, LDE (RLIN)
a 0000001970 a 0000000000 00
910 ## - DATOS DE OPCIÓN DEL USUARIO (OCLC)
Datos de opción del usuario 1970
942 ## - ELEMENTOS DE PUNTO DE ACCESO ADICIONAL (KOHA)
Tipo de ítem Koha Parasitologia_
942 ## - ELEMENTOS DE PUNTO DE ACCESO ADICIONAL (KOHA)
Tipo de ítem Koha Parasitologia_
-- 1
Holdings
Estado de retiro Estado de pérdida Fuente del sistema de clasificación o colocación Estado dañado Restricciones de uso No para préstamo Código de colección Localización permanente Ubicación/localización actual Fecha de adquisición Número de inventario Total de préstamos Signatura topográfica completa Código de barras Fecha visto por última vez Número de copia Precio válido a partir de Tipo de ítem Koha Nota pública
    Dewey Decimal Classification   Préstamo interno   General Parasitologia Agricola Parasitologia Agricola 27/10/2005 (PA_7161) (No. UACh C/E)   PA 634.7 F7 1970 4102003507 21/02/2023 Ej.1 25/01/2022 Libro 3